IPD environment code (Record no. 107932)

MARC details
000 -LEADER
fixed length control field 01824cad a22002415a 4500
001 - CONTROL NUMBER
control field L142662
008 - FIXED-LENGTH DATA ELEMENTS--GENERAL INFORMATION
fixed length control field 080227s2008 xxk f 000 0 eng d
035 ## - SYSTEM CONTROL NUMBER
System control number (Sirsi) u142662
041 0# - LANGUAGE CODE
Language code of text/sound track or separate title eng
050 04 - LIBRARY OF CONGRESS CALL NUMBER
Classification number 333.38 $2 18
110 2# - MAIN ENTRY--CORPORATE NAME
Corporate name or jurisdiction name as entry element Investment Property Databank
9 (RLIN) 2288
245 00 - TITLE STATEMENT
Title IPD environment code
Remainder of title measuring the environmental performance of buildings
Medium [electronic resource]
260 ## - PUBLICATION, DISTRIBUTION, ETC.
Place of publication, distribution, etc. London
Name of publisher, distributor, etc. IPD
Date of publication, distribution, etc. 2008
505 2# - FORMATTED CONTENTS NOTE
Formatted contents note The global environmental challenge -- The purpose of the environment code -- Environmental measures and definitions -- Additional information requirements -- Applying the code -- A worked example -- Appendix 1 environmental regulation -- Appendix 2 reducing environmental impacts -- Appendix 3 the global reporting initiative and the environment code -- Appendix 4 unit conversion tables -- Appendix 5 calculating CO2 equivalent emissions -- Appendix 6 environmental health-check -- Bibliography
520 ## - SUMMARY, ETC.
Summary, etc. Aims to be a global standard for measuring the environmental impacts of corporate property. Provides a good practice framework for measuring, analysing and reporting on environmental performance. Aims to help property professionals in the public and private sector monitor and compare the environmental performance of buildings in terms of energy, water consumption and waste produced. It is applicable to a broad range of property types from retail shops and offices to hospitals, universities, hotels and airports.
521 20 - TARGET AUDIENCE NOTE
Target audience note Advanced
590 ## - LOCAL NOTE (RLIN)
Local note KA NTK
651 #4 - SUBJECT ADDED ENTRY--GEOGRAPHIC NAME
Geographic name International
690 ## - LOCAL SUBJECT ADDED ENTRY--TOPICAL TERM (OCLC, RLIN)
Topical term or geographic name as entry element ENVIRONMENTAL AND LAND CONSULTANCY-SUSTAINABILITY-SUSTAINABLE DEVELOPMENT
690 ## - LOCAL SUBJECT ADDED ENTRY--TOPICAL TERM (OCLC, RLIN)
Topical term or geographic name as entry element PROPERTY-COMMERCIAL PROPERTY-COMMERCIAL PROPERTY MARKET
856 40 - ELECTRONIC LOCATION AND ACCESS
Uniform Resource Identifier <a href="https://www.ipdoccupiers.com/">https://www.ipdoccupiers.com/</a>
Public note View the document free of charge at www.ipdoccupiers.com...
942 ## - ADDED ENTRY ELEMENTS (KOHA)
Suppress in OPAC 0
Holdings
Withdrawn status Lost status Source of classification or shelving scheme Damaged status Not for loan Home library Current library Shelving location Date acquired Total Checkouts Full call number Barcode Date last seen Copy number Price effective from Koha item type
    Dewey Decimal Classification     Virtual Virtual Online 27/02/2008   ONLINE PUBLICATION 142662-1001 06/08/2019 1 06/08/2019 Book